000 00340nam a22001453 4500
001 205784
005 20240328094152.0
090 _a205784
100 _a20240328 ukry50
101 _aukr
102 _aUA
200 _a
210 _d2024
801 _2unimarc
_aUA
_gpsbo
942 _cNEWSPAPER